000 00954cam a2200289 a 4500
001 000001377
005 20200929145547.0
008 781128s1979 ja a b 001 0 eng
020 _a0870113224
040 _aDO-SdBNP
_cDLC
_dDLC
041 1 7 _aeng
_hjpn
_2Código de idioma MARC
082 _a738.27
_bN163k
100 1 _aNakagawa, Sensaku,
_d1910-
_94609
240 1 0 _aKutani-yaki.
_lEnglish
245 1 0 _aKutani ware /
_cSensaku Nakagawa ; traducción de John Bester.
260 _aTokyo, Japan :
_bKodansha International,
_c1979.
300 _a181 p. :
_bil. ;
_c27 cm.
490 1 _aJapanese arts library
_vno. 7
534 _aTítulo Original:
_tKutani-yaki.
504 _aBibliografía: p. 171-175.
500 _aIncluye índice.
650 4 _aPorcelana japonesa
_94610
650 4 _aPorcelana china
_94611
700 1 _aBedter, John,
_etr.
_94612
830 0 _aJapanese arts library ;
_vno. 7.
_94613
910 _aCatalogación por copia / LCc
999 _c1301
_d1301